| 000 | 01030nam a22003257a 4500 | ||
|---|---|---|---|
| 001 | BR0803009 | ||
| 003 | BR-BrBNA | ||
| 005 | 20230928102601.0 | ||
| 007 | ta | ||
| 008 | 230509b bl.||||| |||| 00| 0 por d | ||
| 040 |
_aBR-BrBNA _bpor _cBiblioteca Nacional de Agricultura |
||
| 041 | _a(Por) | ||
| 072 |
_aT01; F04; H60 _b3876 _b3830 |
||
| 090 | _ 3876 BR0803009 | ||
| 100 | 1 | _aVasconcelos, F.C.W. | |
| 110 | 1 |
_aUniversidade Federal de Lavras, MG (Brasil) _0Tese (Doutorado) |
|
| 245 | 1 | _aTransporte de atrazina influenciado por calagem e adubação fosfatada em ambientes de latossolos da Bacia do Rio das Mortes (MG) | |
| 260 | 3 |
_aLavras, MG (Brasil): _c2007. |
|
| 300 | _a119 p. | ||
| 500 | _aSummaries (Eng, Por); Several bibliography; 36 illus.; 10 tables | ||
| 650 | _aATRAZINA | ||
| 650 | _aPESTICIDA | ||
| 650 | _aFERTILIZANTE FOSFATADO | ||
| 650 | _aADUBAÇÃO | ||
| 650 | _aCALAGEM | ||
| 650 | _aHERBICIDA | ||
| 650 | _aPOLUIÇÃO AMBIENTAL | ||
| 909 |
_a202309 _bLucia _c55 _dLucia Elande |
||
| 942 | _cBK | ||
| 999 |
_c71527 _d71527 |
||